The integral property management system, based on property and functional complexes; Энергия молодых - экономике России; Ч. 2

Dades bibliogràfiques
Parent link:Энергия молодых - экономике России: труды VIII Международной научно-практической конференции студентов и молодых ученых, г. Томск, 19-22 марта 2007 г./ Томский политехнический университет (ТПУ) ; Вольное экономическое общество России (ВЭО России) ; Международный союз экономистов (МСЭ).— , 2007
Ч. 2.— 2007.— С. 116-117
Autor principal: Barysheva G. A. Galina Anzelmovna
Altres autors: Babenko I. V.
Idioma:anglès
Publicat: 2007
Matèries:
Format: MixedMaterials Capítol de llibre
KOHA link:https://koha.lib.tpu.ru/cgi-bin/koha/opac-detail.pl?biblionumber=232454

MARC

LEADER 00000naa2a2200000 4500
001 232454
005 20231220140019.0
035 |a (RuTPU)RU\TPU\book\253500 
035 |a RU\TPU\book\253499 
090 |a 232454 
100 |a 20130213d2007 k y0rusy50 ba 
101 0 |a eng 
102 |a RU 
200 1 |a The integral property management system, based on property and functional complexes  |f G. A. Barysheva, I. V. Babenko 
320 |a Библиогр.: с. 117 (1 назв.) 
461 0 |0 (RuTPU)RU\TPU\book\169966  |t Энергия молодых - экономике России  |o труды VIII Международной научно-практической конференции студентов и молодых ученых, г. Томск, 19-22 марта 2007 г.  |f Томский политехнический университет (ТПУ) ; Вольное экономическое общество России (ВЭО России) ; Международный союз экономистов (МСЭ)  |d 2007 
463 0 |0 (RuTPU)RU\TPU\book\168931  |t Ч. 2  |v С. 116-117  |d 2007 
610 1 |a труды учёных ТПУ 
700 1 |a Barysheva  |b G. A.  |c Economist  |c Professor of Tomsk Polytechnic University, Doctor of economic sciences (DSc)   |f 1961-  |g Galina Anzelmovna  |3 (RuTPU)RU\TPU\pers\30398  |9 14741 
701 1 |a Babenko  |b I. V. 
801 1 |a RU  |b 63413507  |c 20130213 
801 2 |a RU  |b 63413507  |c 20161007  |g RCR 
942 |c BK